| 000 | 00843nam a2200241 i 4500 | ||
|---|---|---|---|
| 001 | 18260 | ||
| 003 | ES-MaACL | ||
| 005 | 20250829062528.0 | ||
| 007 | t| | ||
| 008 | 011015s2001 sp ||||1| spa d | ||
| 020 | _a84-362-4284-X | ||
| 080 | _a347.191(460):657.4.012.2 | ||
| 080 | _a657.4.012.2:347.191(460) | ||
| 100 | 1 |
_aMoreno Aragoneses, Julio _983326 |
|
| 245 | 1 | 0 |
_aIntroducción a la contabilidad de las entidades no lucrativas / _cJulio Moreno Aragoneses. |
| 250 | _a1ª ed. | ||
| 260 |
_aMadrid : _bUniversidad Nacional de Educación a Distancia, _c2001. |
||
| 300 |
_a132 p. ; _c21 cm. |
||
| 650 | 1 | 4 |
_aOrganizaciones no lucrativas- _zEspaña- _xContabilidad. _915764 |
| 710 | 2 |
_aUniversidad Nacional de Educación a Distancia (España) _97405 |
|
| 852 |
_aES-MaACL _jL-25003 _bR.130307 |
||
| 999 |
_c18260 _d18260 |
||